000 00655nam a22002537a 4500
003 UA-OsUOA
001 22379
007 ta
008 20031219b un ||||| |||| 00| 0 ukr d
100 _aФриссел Б.
090 _a113/119+13
_bФ89
942 _cBK
040 _aUA-OsUOA
_brus
_cUA-OsUOA
_dUA-OsUOA
245 _aВ этой книге нет ни слова правды, но имено так все и происходит
300 _a224 с.
955 _a0
041 _arus
080 _a113/119+13
020 _a966-543-016-5
260 _aКиев
_bСофия
_c1997
044 _aUA
650 7 _2UDC
999 _c308597
_d308597